000 00456nam a2200169Ia 4500
008 230718s9999 xx 000 0 und d
020 _a9789350071878
041 _aeng
082 _a700
_bNCE
100 _aNCERT
245 _aIntroduction to Indian Art Part-1
_bText Book In Fine Arts For Class XI
260 _c2012
_bNCERT
300 _a130
365 _cRs.
_b125.00
700 _aNCERT
906 _dO:0768926-Nov-2022B:11523-Nov-2022
_cGENRL
_b6.25
999 _c353088
_d353088